Statistics for Most Rural States By Percentage

Click here to take the quiz!

General Stats

  • This quiz has been taken 65 times
  • The average score is 8 of 10

Answer Stats

HintAnswer% Correct
55.9%Montana
92%
59.9%North Dakota
88%
56.7%South Dakota
88%
38.9%Vermont
88%
49.3%Mississippi
87%
59.0%Alabama
83%
38.7%Maine
83%
58.4%Kentucky
79%
48.7%West Virginia
77%
56.2%Arkansas
75%

Score Distribution

Percentile by Number Answered

Percent of People with Each Score

Your Score History

You have not taken this quiz